[Event "Pinneberg-ch"]
[Site "Pinneberg"]
[Date "2009.09.24"]
[Round "5"]
[White "Verweyen, Andreas"]
[Black "Wulf von Moers, Jens"]
[Result "0-1"]
[WhiteElo "1918"]
[BlackElo "2127"]
[PlyCount "96"]
[EventDate "2009.08.27"]
[EventType "swiss"]
[EventRounds "7"]
[EventCountry "GER"]
[SourceTitle "EXT 2012"]
[Source "ChessBase"]
[SourceDate "2011.11.24"]
[SourceVersion "1"]
[SourceVersionDate "2011.11.24"]
[SourceQuality "1"]

1. e4 e5 2. Nf3 Nc6 3. Bb5 a6 4. Ba4 Nf6 5. 0-0 Be7 6. Re1 b5 7. Bb3 0-0 8. d4 exd4 9. e5 Ne8 10. Nxd4 Nxd4 11. Qxd4 Bb7 12. c4 bxc4 13. Bxc4 d5 14. exd6 Nxd6 15. Nc3 Bf6 16. Qd3 Qc8 17. Bd5 c6 18. Ne4 cxd5 19. Nxf6+ gxf6 20. Qg3+ Kh8 21. Qxd6 Qc6 22. Qxc6 Bxc6 23. Be3 Rfe8 24. Red1 Kg7 25. Rd4 Re4 26. Rc1 Rxd4 27. Bxd4 Bd7 28. Bc3 Rc8 29. Rd1 Be6 30. a3 Kg6 31. h3 f5 32. f4 h5 33. Kf2 Rc4 34. Kf3 Re4 35. b4 Rc4 36. Rd3 Bd7 37. Kg3 h4+ 38. Kf3 Bb5 39. Bd4 Rc2 40. Rc3 Rd2 41. Ke3 Rxg2 42. Rc8 Rg3+ 43. Kf2 Rxh3 44. Rg8+ Kh5 45. Be5 f6 46. Bxf6 Rxa3 47. Rg5+ Kh6 48. Rxf5 Kg6 0-1